000 00574nam a2200193Ia 4500
005 20250923144636.0
008 008 250917s9999 xx 000 0 eng d
037 _aTextual
040 _aDSWL
_beng
_cDSWL
041 _aeng
_2eng
084 _aYX,zd;7x, N55
_qDSWL
245 0 _aEvolving concept of rehabilitation monograph I
_cby American Association of Medical S.W.
260 _aWashington
_bPublic Affairs Press
_c1955
300 _aii,37p.
365 _aUSD
_b0.35
925 _g0.35
942 _cTEXL
_hYX,zd;7x, N55
999 _c1441528
_d1441528